I Want - One Direction (All Lyrics) - Statistics

General Stats
  • This quiz has been taken 127 times
  • The average score is 291 of 331
Answer Stats
Lyrics % Correct
I
97%
want
97%
want,
97%
when
97%
you
97%
a
96%
not
96%
that
96%
me
94%
be
93%
that's
93%
crazy
91%
your
91%
and
90%
it
90%
the
90%
to
90%
give
88%
love
88%
but
87%
by
87%
loved
87%
this,
87%
in
86%
say
86%
take
86%
back
84%
if
84%
kiss,
84%
all
83%
of
83%
blow
81%
girls
81%
things
81%
every
80%
rings
80%
brain
78%
could
78%
diamond
78%
inside
78%
lots
78%
would
78%
know
77%
look
77%
night
77%
different
75%
just
75%
word
75%
got
74%
insane
74%
you've
74%
clothes,
72%
date
72%
driving
72%
shoes,
72%
preoccupied
71%
for
70%
oh,
70%
you're
70%
stuff
68%
find
67%
hand
67%
need
67%
accessories
65%
have
65%
everything
64%
materials
64%
world
64%
at
62%
because
62%
heard
62%
them
62%
hold
61%
into
61%
I've
61%
should
59%
can't
58%
don't
58%
clue
54%
too?
54%
what
52%
wouldn't
52%
stand
51%
true
51%
wanna
49%
bet
48%
stay
46%
I'll
45%
knew
45%
changed
42%
put
35%
through
32%
No matching quizzes found
Score Distribution
Percent of People with Each Score
Percentile by Number Answered
Your Score History
You have not taken this quiz